000 00249nam a22001217a 4500
003 URS
005 20250625110931.0
040 _cURS
245 _aBuying and Merchandising
260 _aUAE
_b3G Learning
_c2015
300 _avii, 263
942 _2lcc
_cFR
999 _c83169
_d83168